MARC

LEADER 00000nam0a2200000 4500
001 27725
005 20231101205819.0
010 |a 5819101197 
035 |a (RuTPU)RU\TPU\book\27978 
035 |a BOOK00028053 
090 |a 27725 
100 |a 20011209d2001 m y0rusy50 ca 
101 0 |a rus 
102 |a RU 
105 |a y z 000ay 
200 1 |a Цирк Шардам  |f Д. И. Хармс 
210 |a СПб.  |c Кристалл  |d 2001 
215 |a 1120 с. 
225 1 |a Библиотека мировой литературы 
610 1 |a проза 
610 1 |a поэзия 
610 1 |a 20 век 
675 |a Р2  |v 3 
700 1 |a Хармс  |b Д. И.  |c настоящая фамилия Ювачев  |c русский писатель  |f 1905-1942  |g Даниил Иванович  |2 stltpush  |3 (RuTPU)RU\TPU\pers\14770  |9 4948 
801 0 |a RU  |b 63413507  |c 20011209  |g PSBO 
801 2 |a RU  |b 63413507  |c 20060413  |g PSBO 
942 |c BK